Sueños y realidades: procesos de organización estudiantil 1954-1966

I tiakina i:
Ngā taipitopito rārangi puna kōrero
Kaituhi matua: Ruiz Montealegre, Manuel (Author)
Hōputu: Pukapuka
Reo:Pāniora
I whakaputaina: Bogotá Universidad Nacional de Colombia 2002
Rangatū:Serie Historia de la Universidad Nacional de Colombia, 5
Ngā marau:
Ngā Tūtohu: Tāpirihia he Tūtohu
Kāore He Tūtohu, Me noho koe te mea tuatahi ki te tūtohu i tēnei pūkete!

MARC

LEADER 00000nam a2200000 a 4500
001 UCL6567
003 CL-VaPUC
008 040416e20020000CK |||||||||||||||||spa|d
020 |a 958701216X 
082 0 4 |a 378.861  |b RUI  |2 21 
100 0 |a Ruiz Montealegre, Manuel  |e author  |9 484178 
245 1 0 |a Sueños y realidades: procesos de organización estudiantil 1954-1966 
300 |a 283 p 
942 |c BK 
945 |d 20040416 00:00:00  |a cmena 
260 |a Bogotá  |b Universidad Nacional de Colombia  |c 2002 
650 0 |a Universidades  |9 256317 
650 0 |a Historia de la educación   |9 257642 
650 7 |a ORGANIZACIONES JUVENILES  |2 CL-VaPUC  |9 334839 
650 0 |a Conflicto social  |9 255404 
650 0 |a Juventud  |9 271073 
651 0 |a Colombia  |9 256424 
583 |a last modification  |c 20040416 00:00:00  |k Rodrigo Vera 
490 0 |a Serie Historia de la Universidad Nacional de Colombia, 5 
999 |c 308569  |d 308567 
952 |0 0  |1 0  |4 0  |6 378_861000000000000_RUI_2002  |7 0  |8 A  |9 375181  |a BIBEDU  |b BIBEDU  |d 2019-11-21  |i 3988678  |o 378.861 RUI 2002  |p 3988678  |r 2019-11-21  |w 2019-11-21  |y BK  |k BME